• 首页
  • 本馆介绍
  • 公告通知
  • 最新文献
  • 馆藏检索
  • 电子资源
  • 读者导购
  • 参考咨询
  • 我的图书馆
  • 登录
  • 详细信息显示
  • 放入我的书架
  • 预约/预借图书
  • 作者相关作品
  • 分类相关作品
  • 丛书相关作品
  • 出版社相关作品

书目信息

  • 表格格式
  • 工作单格式
  • 卡片格式
题名:
电机 电器及可编程控制器理论与实践教程
    
 
作者: 杨晓萍 主编
分册:  
出版信息: 长春   吉林人民出版社  2005.07
页数: 235页
开本: 26cm
丛书名:
单 册:
中图分类: TM571.6-43
科图分类:
主题词: 可编程序控制器--高等教育--教材 , 可编程序控制器
电子资源:
ISBN: 7-206-02778-4
000 00959nam0 2200289 45
001 012006040711
005 20060914091000.55
010    @a7-206-02778-4@dCNY38.10
092    @aCN@b489759
100    @a20060407d2005 em y0chiy0120 ea
101 0  @achi
102    @aCN@b220000
105    @aa z 000yy
200 1  @a电机 电器及可编程控制器理论与实践教程@Adian ji dian qi ji ke bian cheng kong zhi qi li lun yu shi jian jiao cheng@f杨晓萍主编@Fyang xiao ping zhu bian
205    @a2版
210    @a长春@c吉林人民出版社@d2005.07
215    @a235页@c图@d26cm
300    @a面向21世纪课程教材
320    @a有书目
330    @a本书主要内容:磁路与变压器;三项异步电动机;三项异步电动机的继电器—接触器控制等。
606 0  @a可编程序控制器@x高等教育@j教材
606 0  @a可编程序控制器
690    @aTM571.6-43@v4
701  0 @a杨晓萍@Ayang xiao ping@4主编
801  0 @aCN@bLZJBOOK@c20060914
905    @aBZT@dTM571.6-43@e1
906    @dCNY38.10@n0@r1
    
    电机 电器及可编程控制器理论与实践教程/杨晓萍主编.-2版.-长春:吉林人民出版社,2005.07
    235页:图;26cm
    面向21世纪课程教材
    
    ISBN 7-206-02778-4:CNY38.10
    本书主要内容:磁路与变压器;三项异步电动机;三项异步电动机的继电器—接触器控制等。
●
相关链接 在五车中查询图书 在当当中查询图书 在豆瓣中查询图书


正题名:电机 电器及可编程控制器理论与实践教程     索取号:TM571.6-43/1         预约/预借

序号 登录号 条形码 馆藏地/架位号 状态 备注
1 457238   230013516   中心书库中库/ 中库029架A面2列2层49/ [索取号:TM571.6-43/1] 在馆    
2 457239   230013517   中心书库中库/ 中库029架A面2列2层50/ [索取号:TM571.6-43/1] 在馆    
3 457240   230013518   中心书库中库/ 中库029架A面2列2层47/ [索取号:TM571.6-43/1] 在馆    
4 457241   230013519   中心书库中库/ 中库028架B面9列6层33/ [索取号:TM571.6-43/1] 在馆    
5 457242   230013520   中心书库中库/ 中库029架A面2列2层48/ [索取号:TM571.6-43/1] 在馆    
山东省滨州职业学院图书馆 欢迎您!
大连网信软件有限公司© 版权所有